| 000 | 00512nam a22001697a 4500 | ||
|---|---|---|---|
| 003 | OSt | ||
| 005 | 20220922211330.0 | ||
| 008 | 220922b |||||||| |||| 00| 0 eng d | ||
| 020 | _a980-7026-00-8 | ||
| 040 | _cBiblioteca Lado V | ||
| 082 |
_a708 _bM636c |
||
| 100 |
_917 _aMiguel, Miguel |
||
| 245 | _aCarlos Poveda Obra Reciente/ | ||
| 260 |
_aLas Mercedes, Caracas _bAlternativa Elvira Neri GalerĂa de arte Caracas _c2006 |
||
| 300 |
_a12p. _c22x20cm |
||
| 942 |
_2ddc _c1 _h708 _iM636c _n0 |
||
| 999 |
_c2121 _d2121 |
||